[Event "Challenge"]
[Site "http://www.queenalice.com/game.php?id=698017"]
[Date "2009.12.14"]
[Round "-"]
[White "david_kasparov"]
[Black "ThPaiva"]
[Result "1-0"]
[WhiteElo "1579"]
[BlackElo "1496"]

1. e4 e6 2. Nf3 Qf6 3. e5 Qf5 4. Nc3 g5 5. h3 Nf6 6. exf6 Qxf6 7. Bc4 Rg8 8. O-O
g4 9. hxg4 h5 10. gxh5 Qf4 11. d3 Qg4 12. g3 Rh8 13. Nb5 Rxh5 14. Nxc7+ Kd8 15.
Nxa8 Qh3 16. Nh4 Be7 17. Qf3 Bxh4 18. Qxh5 d6 19. gxh4 b6 20. Bg5+ Ke8 21. Qh8+
Kd7 22. Bb5+ Nc6 23. Bxc6+ Kxc6 24. Qxc8+ Kd5 25. Qc4+ Ke5 26. Rae1+ Kf5 27.
Qe4# 1-0

[Event "Challenge"]
[Site "http://www.queenalice.com/game.php?id=701659"]
[Date "2009.12.22"]
[Round "-"]
[White "colatina"]
[Black "ThPaiva"]
[Result "0-1"]
[WhiteElo "1361"]
[BlackElo "1364"]

1. d4 d5 2. f3 Nc6 3. c3 g6 4. h3 e5 5. h4 Be7 6. Bg5 f6 7. Be3 g5 8. hxg5 f5 9.
f4 e4 10. g6 Nf6 11. b4 a5 12. Bd2 axb4 13. e3 Ng4 14. g7 Rg8 15. Rxh7 Kd7 16.
Rh8 Bf6 17. Rxg8 Qxg8 18. Qe2 Qxg7 19. Qb5 Bh4+ 20. Kd1 Ra5 21. Qe2 b3 22. c4
Nf2+ 23. Kc1 Nd3+ 24. Kd1 Ra4 25. a3 b6 26. Nc3 Rxc4 27. Qh5 Qg3 28. Qxf5+ Kd8
29. Qf8+ Kd7 30. Qf5+ Ke7 31. Qh7+ Kd8 32. Qh8+ Kd7 33. Qh7+ Ne7 34. Bxd3 exd3
35. Qxd3 Qxg2 36. Nce2 Qf1+ 37. Be1 Qxe1# 0-1

[Event "Challenge"]
[Site "http://www.queenalice.com/game.php?id=832181"]
[Date "2010.9.13"]
[Round "-"]
[White "ThPaiva"]
[Black "talbot"]
[Result "1-0"]
[WhiteElo "1443"]
[BlackElo "1545"]

1. Nf3 f6 2. g3 Nc6 3. Bh3 e6 4. a3 Nh6 5. Rg1 b5 6. d3 Bd6 7. b4 a5 8. bxa5
Rxa5 9. c4 Ba6 10. Qd2 b4 11. axb4 Nxb4 12. Rxa5 Bb7 13. Na3 Na2 14. Qxa2 c5 15.
Nb5 1-0

[Event "Grimnir"]
[Site "http://www.queenalice.com/game.php?id=832182"]
[Date "2010.9.13"]
[Round "-"]
[White "ThPaiva"]
[Black "carlosufpe"]
[Result "0-1"]
[WhiteElo "1515"]
[BlackElo "1645"]

1. Na3 e5 2. c3 Nf6 3. Nf3 d6 4. Qc2 Nc6 5. g3 Bg4 6. Ng5 h6 7. Nh7 Nxh7 8. Qb3
b6 9. Nb5 Be6 10. c4 Na5 11. Qf3 c6 12. Nc3 Bxc4 13. d3 Bd5 14. e4 Be6 15. g4
Qf6 16. Qg3 Be7 17. h4 g5 18. h5 O-O 19. Rb1 d5 20. Bg2 d4 21. Na4 Bxa2 22. Ra1
Be6 23. Rb1 b5 24. Bd2 Nb3 25. f3 bxa4 26. f4 Nxd2 27. Kxd2 Bb4+ 28. Ke2 exf4
29. Qf3 c5 30. Ra1 Bd7 31. Rac1 Rfc8 32. Rc4 Rab8 33. Kf2 Be6 34. Qd1 Bxc4 35.
dxc4 Qe6 36. Qxa4 Qxc4 37. e5 Qe6 38. Qc2 Qxg4 39. Qc4 Qg3+ 0-1

[Event "Challenge"]
[Site "http://www.queenalice.com/game.php?id=832219"]
[Date "2010.9.13"]
[Round "-"]
[White "ThPaiva"]
[Black "Grimnir"]
[Result "1-0"]
[WhiteElo "1485"]
[BlackElo "984"]

1. Nc3 c5 2. a3 f5 3. e3 e6 4. Qh5+ g6 5. Qf3 Nc6 6. Na4 Bg7 7. e4 Nd4 8. Qd3 b6
9. Nc3 Bb7 10. f3 Bc6 11. b4 f4 12. b5 Nxb5 13. Nxb5 Bxa1 14. Nd6+ Ke7 15. c3
Nf6 16. Nc4 Qc8 17. g3 Qc7 18. Qb1 Bxc3 19. dxc3 Bb5 20. Bxf4 Qb7 21. Qxb5 h6
22. h4 Nh5 23. Bd6+ Kf7 24. g4 a6 25. Ne5+ Kf6 26. Qd3 Nf4 27. Qd2 g5 28. hxg5+
hxg5 29. Rh5 Rxh5 30. gxh5 Rh8 31. Ng4+ Kf7 32. Ne5+ Ke8 33. Nh3 Nxh3 34. Bxh3
a5 35. Qxg5 b5 36. Bg4 c4 37. Qg7 Rf8 38. Qxf8# 1-0

[Event "De Novo!!!"]
[Site "http://www.queenalice.com/game.php?id=833587"]
[Date "2010.9.16"]
[Round "-"]
[White "ThPaiva"]
[Black "talbot"]
[Result "1-0"]
[WhiteElo "1485"]
[BlackElo "1454"]

1. Na3 d5 2. c4 Nf6 3. Qa4+ Nc6 4. g3 g5 5. Qb3 e6 6. Nb5 Ne4 7. f3 dxc4 8. Qxc4
Nd6 9. Qa4 Bd7 10. b3 a6 11. Nc3 Rb8 12. Bb2 Bg7 13. e3 Bc8 14. f4 h6 15. d4 b5
16. Qa3 b4 17. Qa4 bxc3 18. Bxc3 O-O 19. Qxc6 Qe7 20. h4 gxf4 21. gxf4 f5 22.
Ba5 Nb7 23. Bxc7 Qd7 24. Qc4 Nd6 25. Qc5 Nb7 26. Qc4 Ra8 27. Bb6 Rb8 28. Qb4 Re8
29. Ba7 Ra8 30. Bb6 Qc6 31. Rh3 a5 32. Qb5 Nd8 33. Bxa5 Qxb5 34. Bxb5 Bf6 35.
Rg3+ Kh7 36. Bxe8 Rxa5 37. Rc1 Rxa2 38. Rxc8 Ra1+ 39. Kf2 Bxh4 40. Bg6+ Kg7 41.
Rc7+ Kf6 42. Rc8 Ra2+ 43. Kf3 Nb7 44. Rf8+ Kg7 45. Rf7+ Kh8 46. e4 fxe4+ 47.
Bxe4 Nd6 48. Rf8# 1-0

[Event "Challenge"]
[Site "http://www.queenalice.com/game.php?id=835658"]
[Date "2010.9.21"]
[Round "-"]
[White "alysson_wander"]
[Black "ThPaiva"]
[Result "0-1"]
[WhiteElo "1126"]
[BlackElo "1481"]

1. e3 g6 2. d4 Bh6 3. Nc3 Nf6 4. e4 g5 5. e5 Ng8 6. Ne4 d5 7. Ng3 Qd7 8. b4 a5
9. bxa5 Rxa5 10. Qd2 Ra4 11. Nh5 f6 12. Ng7+ Bxg7 13. Nf3 fxe5 14. Nxg5 Bh6 15.
h4 Nf6 0-1

[Event "Challenge"]
[Site "http://www.queenalice.com/game.php?id=836156"]
[Date "2010.9.22"]
[Round "-"]
[White "montelo"]
[Black "ThPaiva"]
[Result "1-0"]
[WhiteElo "2140"]
[BlackElo "1481"]

1. e4 e6 2. Nc3 b6 3. Nh3 a6 4. Qf3 Nc6 5. Ng5 Qxg5 6. d3 Qe5 7. Bd2 Nd4 8. Qd1
d5 9. f3 Qh5 10. Be3 Nc6 11. g4 Qh4+ 12. Bf2 Qf6 13. exd5 Qe5+ 14. Kd2 exd5 15.
Bg2 g6 16. Re1 Bh6+ 17. Be3 Qxh2 18. Bf4+ Kf8 19. Bxh6+ Nxh6 20. Qe2 Kg7 21. Rh1
Bd7 22. Rxh2 Nd4 23. Qe5+ 1-0

[Event "Challenge"]
[Site "http://www.queenalice.com/game.php?id=836157"]
[Date "2010.9.22"]
[Round "-"]
[White "ThPaiva"]
[Black "montelo"]
[Result "0-1"]
[WhiteElo "1481"]
[BlackElo "2139"]

1. Nf3 e6 2. e3 Nc6 3. g3 Qf6 4. Bh3 Qg6 5. b3 Nb4 6. Na3 Qh5 7. Bf1 Nc6 8. Nb5
Bd6 9. Bb2 f6 10. g4 Qxg4 11. h3 Qg6 12. Nh4 Qe4 13. Nf3 Nb4 14. d3 Qc6 15. Nfd4
Qxh1 16. c3 Nd5 17. e4 Nf4 18. Ba3 a6 19. Bxd6 axb5 20. Qg4 g5 21. Bxf4 h5 0-1

[Event "Challenge"]
[Site "http://www.queenalice.com/game.php?id=890799"]
[Date "2011.1.25"]
[Round "-"]
[White "ThPaiva"]
[Black "Grimnir"]
[Result "1-0"]
[WhiteElo "1521"]
[BlackElo "1001"]

1. Nc3 e6 2. b3 Qf6 3. d4 b6 4. a4 d6 5. g3 Nh6 6. Bg2 c6 7. Qd3 Na6 8. Bxc6+
Bd7 9. Bxa8 g5 10. Qxa6 Qxd4 11. Bb2 Ke7 12. Rd1 Qe5 13. Qxa7 Bg7 14. Bb7 Rg8
15. Nf3 Qf5 16. Qxb6 Qxc2 17. Qxd6+ Kf6 18. Ne4+ Kg6 19. Nd4 Qxb2 20. Qxd7 Qc3+
21. Kf1 Rb8 22. Ba6 Ng4 23. Qa7 Be5 24. Nf3 Qb2 25. Nfxg5 Bc3 26. Qxf7+ Kh6 27.
Qxh7# 1-0

[Event "????"]
[Site "http://www.queenalice.com/game.php?id=900760"]
[Date "2011.2.15"]
[Round "-"]
[White "ThPaiva"]
[Black "talbot"]
[Result "1-0"]
[WhiteElo "1521"]
[BlackElo "1468"]

1. c4 e6 2. a3 b6 3. d3 d5 4. g3 Nf6 5. e3 g5 6. Qa4+ Bd7 7. Qd1 Ng4 8. b4 Bg7
9. d4 Nh6 10. Qf3 Ba4 11. cxd5 exd5 12. Nc3 Bb3 13. Bb5+ c6 14. Bd3 g4 15. Qf4
Ng8 16. Qxg4 Nf6 17. Qxg7 Qe7 18. Qxh8+ Kd7 19. Rb1 Ng4 20. Bf5+ Kc7 21. Nb5+
cxb5 22. Qc8+ Kd6 23. Bxg4 Ba2 24. Rb2 Bc4 25. Qf5 Nd7 26. Qf4+ Ne5 27. Bh5 Re8
28. e4 1-0

[Event "Let's Play Chess!"]
[Site "http://www.queenalice.com/game.php?id=915881"]
[Date "2011.3.22"]
[Round "-"]
[White "Gil"]
[Black "ThPaiva"]
[Result "1-0"]
[WhiteElo "2231"]
[BlackElo "1521"]

1. d4 Nc6 2. Nf3 e6 3. e3 Bb4+ 4. Bd2 Ba5 5. c4 d5 6. cxd5 Qxd5 7. Nc3 Qd6 8.
Nb5 Qd7 9. Bxa5 Nxa5 10. Ne5 Qd8 11. Rc1 c6 12. Nc3 f6 13. Qh5+ g6 14. Nxg6 Qb6
15. Nxh8+ Ke7 16. Qxh7+ Kd6 17. Ne4+ Kd5 18. Rc5+ 1-0

[Event "Corre..."]
[Site "http://www.queenalice.com/game.php?id=950328"]
[Date "2011.6.16"]
[Round "-"]
[White "ThPaiva"]
[Black "Grimnir"]
[Result "1-0"]
[WhiteElo "1532"]
[BlackElo "1023"]

1. b3 f5 2. e3 d5 3. Qh5+ Kd7 4. c4 Nf6 5. Qxf5+ Ke8 6. Qf4 e6 7. Qg5 Qd6 8. Nc3
Qb4 9. Qe5 Qc5 10. Na4 Qa5 11. Nc3 Be7 12. Qg5 Rg8 13. Qg3 e5 14. Qxe5 Nc6 15.
h3 Nxe5 16. f4 Nc6 17. Nf3 Rf8 18. a4 Nd7 19. Nxd5 Rf6 20. Ng5 Nc5 21. Ba3 Rf7
22. Nxh7 Bf5 23. b4 Bc2 24. b5 Qxa4 25. Nxc7+ Kd7 26. Nxa8 Bh4+ 27. Ke2 Bf5 28.
Ng5 Bg4+ 29. Nf3 Qxc4+ 30. Kd1 Bg3 31. Bxc4 1-0

[Event "Challenge"]
[Site "http://www.queenalice.com/game.php?id=958739"]
[Date "2011.7.9"]
[Round "-"]
[White "jahe"]
[Black "ThPaiva"]
[Result "1-0"]
[WhiteElo "1779"]
[BlackElo "1541"]

1. e4 e5 2. Bc4 Nf6 3. Nc3 d5 4. exd5 Qd7 5. Nf3 Qg4 6. O-O Qxc4 7. Nxe5 Qd4 8.
Re1 Bc5 9. Nf3+ Kd7 10. Nxd4 Bxd4 11. Qf3 b6 12. d3 Re8 13. Bg5 Re5 14. Bxf6
gxf6 15. Qg4+ 1-0